| 000 | 00329nam a2200109Ia 4500 | ||
|---|---|---|---|
| 008 | 220204s9999 xx 000 0 und d | ||
| 082 |
_a338.45.01 _bROW |
||
| 245 | 0 | _aReadings in industrial economics. V 2. Private enterprise and state intervention | |
| 260 |
_aLondon _bMacmillan _c1972 |
||
| 700 | _aROWLEY, Charles K | ||
| 942 | _cBK | ||
| 999 |
_c34986 _d34986 |
||